| 000 | 00502nam a2200169Ia 4500 | ||
|---|---|---|---|
| 003 | GCL | ||
| 008 | 140319s9999 xx 000 0 ara d | ||
| 040 |
_aGCL / _cGCL |
||
| 082 | 0 | 4 |
_a813.01 _bم ز |
| 100 | 1 | _aمحمد القصبى | |
| 245 | 1 | 0 |
_aزمن الجنرال : مجموعة قصصية / _cمحمد القصبى |
| 300 | _a111 ص | ||
| 490 |
_aقصص عربية _v0 |
||
| 650 | 0 | 4 | _aالقصص القصيرة |
| 650 | 0 | 4 | _aالادب العربى - العصر الحديث |
| 942 |
_2ddc _cBK |
||
| 999 |
_c38823 _d38823 |
||